[Event "BCF-chT1b 1011 (4NCL)"]
[Site "England"]
[Date "2010.11.06"]
[Round "1.15"]
[White "Foster, James J"]
[Black "Pein, Malcolm"]
[Result "1/2-1/2"]
[WhiteElo "2082"]
[BlackElo "2390"]
[PlyCount "70"]
[EventDate "2010.11.06"]
[EventType "team-tourn"]
[EventRounds "7"]
[EventCountry "ENG"]
[SourceTitle "CBM 139 Extra"]
[Source "ChessBase"]
[SourceDate "2011.01.05"]
[SourceVersion "1"]
[SourceVersionDate "2011.01.05"]
[SourceQuality "1"]
[WhiteTeam "Sambuca Sharks"]
[BlackTeam "Hilsmark Kingfisher"]
[WhiteTeamCountry "ENG"]
[BlackTeamCountry "ENG"]

1. c4 e5 2. Nc3 Nf6 3. e4 Bc5 4. d3 c6 5. Nf3 d6 6. Bg5 0-0 7. a3 Re8 8. b4 Bd4 9. Nxd4 exd4 10. Ne2 d5 11. f3 dxc4 12. dxc4 c5 13. bxc5 Nc6 14. Qd2 h6 15. Bxf6 Qxf6 16. Rd1 Be6 17. Nf4 Rad8 18. Kf2 Qe7 19. Nd5 Qxc5 20. Bd3 Qxa3 21. Ra1 Qd6 22. Rhb1 b6 23. Kg1 Rc8 24. f4 f6 25. Rf1 Na5 26. e5 fxe5 27. fxe5 Qxe5 28. Rae1 Qg5 29. Qe2 Bf7 30. Ne7+ Rxe7 31. Qxe7 Qxe7 32. Rxe7 Bxc4 33. Bxc4+ Nxc4 34. Rff7 d3 35. Rxg7+ Kf8 1/2-1/2

[Event "BCF-chT3 0910 (4NCL)"]
[Site "England"]
[Date "2010.05.02"]
[Round "10.2"]
[White "Foster, James J"]
[Black "Fishburne, Stewart K"]
[Result "1/2-1/2"]
[WhiteElo "2089"]
[BlackElo "2106"]
[PlyCount "25"]
[EventDate "2009.10.24"]
[EventType "team-tourn"]
[EventRounds "11"]
[EventCountry "ENG"]
[SourceTitle "EXT 2011"]
[Source "ChessBase"]
[SourceDate "2010.11.26"]
[SourceVersion "1"]
[SourceVersionDate "2010.11.26"]
[SourceQuality "1"]
[WhiteTeam "Sambuca Black Sheep"]
[BlackTeam "Warwicks Select II"]
[WhiteTeamCountry "ENG"]
[BlackTeamCountry "ENG"]

1. c4 g6 2. Nc3 Bg7 3. e4 d6 4. g3 e5 5. Bg2 Nc6 6. Nge2 Nge7 7. 0-0 0-0 8. d3 f5 9. f4 Be6 10. h3 Qd7 11. Kh2 Rab8 12. a3 a6 13. Rb1 1/2-1/2

[Event "BCF-chT3 0910 (4NCL)"]
[Site "England"]
[Date "2010.03.28"]
[Round "8.2"]
[White "Foster, James J"]
[Black "Ross, Chris Neil"]
[Result "0-1"]
[WhiteElo "2089"]
[BlackElo "2205"]
[PlyCount "44"]
[EventDate "2009.10.24"]
[EventType "team-tourn"]
[EventRounds "11"]
[EventCountry "ENG"]
[SourceTitle "EXT 2011"]
[Source "ChessBase"]
[SourceDate "2010.11.26"]
[SourceVersion "1"]
[SourceVersionDate "2010.11.26"]
[SourceQuality "1"]
[WhiteTeam "Sambuca Black Sheep"]
[BlackTeam "Braille Chess Association"]
[WhiteTeamCountry "ENG"]
[BlackTeamCountry "ENG"]

1. c4 e6 2. Nc3 d5 3. e4 dxe4 4. Nxe4 c5 5. Nf3 Nc6 6. d3 Nf6 7. Be3 Nxe4 8. dxe4 Qxd1+ 9. Rxd1 b6 10. Be2 Bb7 11. a3 Be7 12. 0-0 Bf6 13. Rd2 Rd8 14. Rfd1 Ke7 15. Bf4 Bd4 16. Nxd4 Nxd4 17. Bf3 f6 18. Be3 Nb3 19. Rd3 Na5 20. Rxd8 Rxd8 21. Rc1 Nb3 22. Re1 Nd2 0-1

[Event "BCF-chT3 0910 (4NCL)"]
[Site "England"]
[Date "2010.03.27"]
[Round "7.3"]
[White "Foster, James J"]
[Black "Waterfield, John"]
[Result "1/2-1/2"]
[WhiteElo "2089"]
[BlackElo "1988"]
[PlyCount "25"]
[EventDate "2009.10.24"]
[EventType "team-tourn"]
[EventRounds "11"]
[EventCountry "ENG"]
[SourceTitle "EXT 2011"]
[Source "ChessBase"]
[SourceDate "2010.11.26"]
[SourceVersion "1"]
[SourceVersionDate "2010.11.26"]
[SourceQuality "1"]
[WhiteTeam "Sambuca Black Sheep"]
[BlackTeam "Gloucestershire. Gambits"]
[WhiteTeamCountry "ENG"]
[BlackTeamCountry "ENG"]

1. c4 Nf6 2. Nc3 g6 3. e4 d6 4. g3 Bg7 5. Bg2 0-0 6. Nge2 c5 7. 0-0 Nc6 8. d3 Ne8 9. h3 Nc7 10. f4 Nd4 11. Nxd4 Bxd4+ 12. Kh2 f5 13. Ne2 1/2-1/2

[Event "BCF-chT3 0708 (4NCL)"]
[Site "Sunningdale"]
[Date "2008.05.03"]
[Round "9.4"]
[White "Taylor, Robert Marc"]
[Black "Foster, James J"]
[Result "0-1"]
[WhiteElo "2198"]
[BlackElo "2091"]
[PlyCount "54"]
[EventDate "2007.09.15"]
[EventType "team-tourn"]
[EventRounds "11"]
[EventCountry "ENG"]
[SourceTitle "EXT 2023"]
[Source "ChessBase"]
[SourceDate "2022.10.05"]
[SourceVersion "1"]
[SourceVersionDate "2022.10.05"]
[SourceQuality "1"]
[WhiteTeam "Pandoras Box"]
[BlackTeam "Slough Sharks II"]
[WhiteTeamCountry "ENG"]
[BlackTeamCountry "ENG"]

1. e4 e6 2. d4 d5 3. Nc3 Nf6 4. exd5 exd5 5. Bd3 Bd6 6. Nge2 Be6 7. Ng3 Nc6 8. Nce2 Nb4 9. c3 Nxd3+ 10. Qxd3 c6 11. 0-0 Qd7 12. Bg5 0-0-0 13. b4 h5 14. h4 Rdg8 15. Rfe1 Nh7 16. Bf4 Be7 17. Nxh5 Nf8 18. Nhg3 Rxh4 19. a4 g5 20. Be3 Rgh8 21. Qd2 f5 22. f4 Bd6 23. Nf1 Qh7 24. Reb1 Ng6 25. g3 Rg4 26. Kf2 gxf4 27. Nxf4 Nxf4 0-1

[Event "BCF-chT3 0708 (4NCL)"]
[Site "Sunningdale"]
[Date "2008.03.02"]
[Round "8.3"]
[White "Foster, James J"]
[Black "Ociepka, Adrian"]
[Result "0-1"]
[WhiteElo "2091"]
[BlackElo "2095"]
[PlyCount "56"]
[EventDate "2007.09.15"]
[EventType "team-tourn"]
[EventRounds "11"]
[EventCountry "ENG"]
[SourceTitle "EXT 2023"]
[Source "ChessBase"]
[SourceDate "2022.10.05"]
[SourceVersion "1"]
[SourceVersionDate "2022.10.05"]
[SourceQuality "1"]
[WhiteTeam "Slough Sharks II"]
[BlackTeam "NW Eagles"]
[WhiteTeamCountry "ENG"]
[BlackTeamCountry "ENG"]

1. c4 g6 2. Nc3 Bg7 3. e4 c5 4. g3 Nc6 5. Bg2 d6 6. Nge2 e6 7. 0-0 Nge7 8. d3 0-0 9. Be3 Nd4 10. f4 f5 11. Rb1 Nec6 12. a3 a5 13. Kh1 Kh8 14. Bxd4 cxd4 15. Nb5 e5 16. Qc2 Be6 17. c5 dxc5 18. Qxc5 Rc8 19. fxe5 Nxe5 20. Qxd4 Nxd3 21. Qxd8 Rfxd8 22. exf5 Bxf5 23. Bxb7 Rb8 24. Bc6 Rb6 25. Na7 Ra6 26. Nc8 Rxc6 27. Ne7 Be4+ 28. Kg1 Rc2 0-1

[Event "BCF-chT3 0708 (4NCL)"]
[Site "Sunningdale"]
[Date "2008.03.01"]
[Round "7.5"]
[White "Miles, Richard"]
[Black "Foster, James J"]
[Result "1/2-1/2"]
[WhiteElo "2071"]
[BlackElo "2091"]
[PlyCount "35"]
[EventDate "2007.09.15"]
[EventType "team-tourn"]
[EventRounds "11"]
[EventCountry "ENG"]
[SourceTitle "EXT 2023"]
[Source "ChessBase"]
[SourceDate "2022.10.05"]
[SourceVersion "1"]
[SourceVersionDate "2022.10.05"]
[SourceQuality "1"]
[WhiteTeam "SW Dragons II"]
[BlackTeam "Slough Sharks II"]
[WhiteTeamCountry "ENG"]
[BlackTeamCountry "ENG"]

1. d4 d5 2. c4 Bf5 3. Nc3 e6 4. Nf3 c6 5. Bf4 Qb6 6. Qc1 Nf6 7. e3 Ne4 8. c5 Qa5 9. Be2 Nd7 10. 0-0 Be7 11. Nxe4 Bxe4 12. a3 0-0 13. b4 Qd8 14. Qc3 Bxf3 15. Bxf3 Bg5 16. Bg3 Bh4 17. Bd6 Be7 18. Bf4 1/2-1/2

[Event "BCF-chT3 0708 (4NCL)"]
[Site "Sunningdale"]
[Date "2007.11.11"]
[Round "4.2"]
[White "Tippleston, Charles E"]
[Black "Foster, James J"]
[Result "1-0"]
[WhiteElo "2158"]
[BlackElo "2096"]
[PlyCount "81"]
[EventDate "2007.09.15"]
[EventType "team-tourn"]
[EventRounds "11"]
[EventCountry "ENG"]
[SourceTitle "EXT 2023"]
[Source "ChessBase"]
[SourceDate "2022.10.05"]
[SourceVersion "1"]
[SourceVersionDate "2022.10.05"]
[SourceQuality "1"]
[WhiteTeam "FCA Solutions"]
[BlackTeam "Slough Sharks II"]
[WhiteTeamCountry "ENG"]
[BlackTeamCountry "ENG"]

1. e4 e6 2. d4 d5 3. Nd2 dxe4 4. Nxe4 Be7 5. Nf3 Bd7 6. Bd3 Bc6 7. 0-0 Nd7 8. Qe2 h6 9. Bd2 Ngf6 10. Ng3 Nb6 11. c3 Qd5 12. c4 Qd8 13. Rad1 Na4 14. b3 Nb2 15. Rde1 Bxf3 16. gxf3 Nxd3 17. Qxd3 Qd7 18. Qe3 c6 19. Bc3 h5 20. Kh1 h4 21. Ne4 Nh5 22. Rg1 Bd6 23. d5 cxd5 24. cxd5 Bf4 25. dxe6 fxe6 26. Qe2 0-0-0 27. Nc5 Qc7 28. Qxe6+ Kb8 29. Be5 Bxe5 30. Qxe5 Qxe5 31. Rxe5 Rd2 32. Re4 b6 33. Na6+ Kb7 34. Nb4 h3 35. Re7+ Kc8 36. Rc1+ Kd8 37. Nc6+ Kc8 38. Nb4+ Kd8 39. Nc6+ Kc8 40. Nxa7+ Kd8 41. Rb7 1-0

[Event "BCF-chT3 0708 (4NCL)"]
[Site "Sunningdale"]
[Date "2007.09.16"]
[Round "2"]
[White "Foster, James J"]
[Black "Purton, Benjamin"]
[Result "1/2-1/2"]
[WhiteElo "2096"]
[BlackElo "2119"]
[PlyCount "22"]
[EventDate "2007.09.15"]
[EventType "team-tourn"]
[EventRounds "11"]
[EventCountry "ENG"]
[SourceTitle "CBM 120 Extra"]
[Source "ChessBase"]
[SourceDate "2007.11.01"]
[SourceVersion "1"]
[SourceVersionDate "2007.11.01"]
[SourceQuality "1"]
[WhiteTeam "Slough Sharks III"]
[BlackTeam "Slough Sharks II"]
[WhiteTeamCountry "ENG"]
[BlackTeamCountry "ENG"]

1. c4 e5 2. Nc3 Nc6 3. g3 d6 4. Bg2 g6 5. e4 Bg7 6. Nge2 Nge7 7. 0-0 0-0 8. d3 f5 9. f4 Nd4 10. Nxd4 exd4 11. Ne2 c6 1/2-1/2

[Event "BCF-chT2 0607 (4NCL)"]
[Site "Sunningdale"]
[Date "2007.05.06"]
[Round "10.7"]
[White "Foster, James J"]
[Black "Alfred, Nathan"]
[Result "0-1"]
[WhiteElo "2067"]
[BlackElo "2307"]
[PlyCount "108"]
[EventDate "2006.09.16"]
[EventType "team"]
[EventRounds "11"]
[EventCountry "ENG"]
[SourceTitle "EXT 2008"]
[Source "ChessBase"]
[SourceDate "2007.11.25"]
[SourceVersion "1"]
[SourceVersionDate "2007.11.25"]
[SourceQuality "1"]
[WhiteTeam "Slough Sharks II"]
[BlackTeam "Cambridge"]
[WhiteTeamCountry "ENG"]
[BlackTeamCountry "ENG"]

1. c4 Nf6 2. Nc3 c5 3. e4 Nc6 4. g3 g6 5. Bg2 Bg7 6. Nge2 0-0 7. 0-0 Ne8 8. d3 Nc7 9. f4 Ne6 10. Rb1 Ned4 11. a3 d6 12. h3 Rb8 13. b4 a6 14. b5 Nxe2+ 15. Nxe2 axb5 16. cxb5 Nd4 17. Bd2 Ra8 18. Ra1 Nxb5 19. Qb3 Nd4 20. Nxd4 Bxd4+ 21. Kh2 Be6 22. Qc2 Bxa1 23. Rxa1 Ra7 24. f5 Bd7 25. Bh6 Re8 26. Qc3 f6 27. Rf1 b5 28. g4 Qa5 29. Qb3+ c4 30. dxc4 Qxa3 31. Qd1 Qb2 32. Be3 Ra3 33. Bd4 Qb3 34. Qd2 g5 35. e5 Qg3+ 36. Kh1 Rd3 37. Qb2 dxe5 38. Bf2 Rb3 39. Qa2 Qd3 40. c5 Kg7 41. Re1 Ra3 42. Qb2 Qc3 43. Qe2 Rc8 44. h4 h6 45. hxg5 hxg5 46. Rd1 Ra1 47. Be1 Rxd1 48. Qxd1 Qd4 49. Qb3 Rh8+ 50. Bh3 Bc6+ 51. Kh2 Qxg4 52. Bh4 Qf4+ 53. Bg3 Qe4 54. Qd1 Qg2# 0-1

[Event "BCF-chT2 0607 (4NCL)"]
[Site "Sunningdale"]
[Date "2007.03.03"]
[Round "7.6"]
[White "Foster, James J"]
[Black "Pitcher, John"]
[Result "1/2-1/2"]
[WhiteElo "2067"]
[BlackElo "2195"]
[PlyCount "29"]
[EventDate "2006.09.16"]
[EventType "team"]
[EventRounds "11"]
[EventCountry "ENG"]
[SourceTitle "EXT 2008"]
[Source "ChessBase"]
[SourceDate "2007.11.25"]
[SourceVersion "1"]
[SourceVersionDate "2007.11.25"]
[SourceQuality "1"]
[WhiteTeam "Slough Sharks II"]
[BlackTeam "Warwicks Select"]
[WhiteTeamCountry "ENG"]
[BlackTeamCountry "ENG"]

1. c4 e5 2. Nc3 Bb4 3. e4 Nf6 4. d3 0-0 5. g3 d6 6. Bg2 Bg4 7. Nge2 Nc6 8. 0-0 Bxc3 9. bxc3 Qd7 10. f4 exf4 11. gxf4 Ne8 12. f5 Bxe2 13. Qxe2 f6 14. Ba3 Rc8 15. c5 1/2-1/2

[Event "BCF-chT3 0506 (4NCL)"]
[Site "Birmingham"]
[Date "2006.01.15"]
[Round "6.1"]
[White "Foster, James J"]
[Black "Timmins, Chris P"]
[Result "1/2-1/2"]
[WhiteElo "2068"]
[BlackElo "2105"]
[PlyCount "41"]
[EventDate "2005.10.22"]
[EventType "team"]
[EventRounds "11"]
[EventCountry "ENG"]
[SourceTitle "EXT 2007"]
[Source "ChessBase"]
[SourceDate "2006.11.23"]
[SourceVersion "1"]
[SourceVersionDate "2006.11.23"]
[SourceQuality "1"]
[WhiteTeam "Slough Sharks III"]
[BlackTeam "Bristol II"]
[WhiteTeamCountry "ENG"]
[BlackTeamCountry "ENG"]

1. c4 Nc6 2. Nc3 e5 3. e4 f5 4. Nf3 Nf6 5. d4 exd4 6. Nxd4 fxe4 7. Bg5 Bb4 8. Ndb5 0-0 9. a3 Bc5 10. Qd2 Kh8 11. 0-0-0 a6 12. Bxf6 gxf6 13. Nxe4 axb5 14. Nxc5 Qe7 15. Qd5 b4 16. Bd3 b6 17. Ne4 bxa3 18. bxa3 Qxa3+ 19. Kd2 Nb4 20. Qd4 c5 21. Qd6 1/2-1/2

[Event "BCF-chT3 0506 (4NCL)"]
[Site "Birmingham"]
[Date "2005.11.20"]
[Round "4.8"]
[White "Mihajlova, Diana"]
[Black "Foster, James J"]
[Result "0-1"]
[WhiteElo "1595"]
[BlackElo "2068"]
[PlyCount "64"]
[EventDate "2005.10.22"]
[EventType "team"]
[EventRounds "11"]
[EventCountry "ENG"]
[SourceTitle "EXT 2007"]
[Source "ChessBase"]
[SourceDate "2006.11.23"]
[SourceVersion "1"]
[SourceVersionDate "2006.11.23"]
[SourceQuality "1"]
[WhiteTeam "Poisoned Pawns II"]
[BlackTeam "Slough Sharks II"]
[WhiteTeamCountry "ENG"]
[BlackTeamCountry "ENG"]

1. d4 d5 2. c4 Bf5 3. Nc3 e6 4. Nf3 c6 5. Bf4 Nf6 6. c5 Nbd7 7. Qd2 Be7 8. Ne5 Bg6 9. g4 Nxe5 10. Bxe5 Nxg4 11. 0-0-0 Nxf2 12. Bxg7 Nxd1 13. Nxd1 Bg5 14. e3 Rg8 15. Be5 Bh6 16. Nf2 Qg5 17. Bf4 Qf5 18. Bd3 Qf6 19. Bxh6 Bxd3 20. e4 Qf3 21. Re1 Rg2 22. Be3 Bxe4 23. Rf1 0-0-0 24. Qe1 Bg6 25. Bg5 Rxg5 26. Ne4 Qxe4 27. Qxe4 Bxe4 28. h4 Rg2 29. Rxf7 Rc2+ 30. Kd1 Rg8 31. Rf1 Rxb2 32. Ke1 Rb1+ 0-1

[Event "BCF-chT4a 0405 (4NCL)"]
[Site "Telford"]
[Date "2005.05.30"]
[Round "11.2"]
[White "Foster, James J"]
[Black "Anderton, Matthew"]
[Result "0-1"]
[WhiteElo "2068"]
[BlackElo "2212"]
[PlyCount "94"]
[EventDate "2004.11.06"]
[EventType "team"]
[EventRounds "11"]
[EventCountry "ENG"]
[SourceTitle "EXT 2006"]
[Source "ChessBase"]
[SourceDate "2005.11.24"]
[SourceVersion "1"]
[SourceVersionDate "2005.11.24"]
[SourceQuality "1"]
[WhiteTeam "Slough Sharks IV"]
[BlackTeam "Guildford IV"]
[WhiteTeamCountry "ENG"]
[BlackTeamCountry "ENG"]

1. c4 Nf6 2. Nc3 g6 3. e4 d6 4. g3 Bg7 5. Bg2 c5 6. Nge2 Nc6 7. 0-0 0-0 8. h3 a6 9. f4 Bd7 10. d3 Ne8 11. g4 Rb8 12. f5 b5 13. cxb5 axb5 14. Rb1 Nc7 15. Qe1 b4 16. Nd1 Ne5 17. Qg3 Bb5 18. Nf2 c4 19. d4 Nc6 20. Qe3 c3 21. Nd3 Bxd3 22. Qxd3 Nb5 23. e5 Ncxd4 24. Nxd4 dxe5 25. bxc3 Nxc3 26. fxg6 hxg6 27. Rb2 Qxd4+ 28. Qe3 e4 29. Rff2 Qxe3 30. Bxe3 Rbd8 31. Bc5 Rd7 32. Kh1 Bd4 33. Rbd2 Rfd8 34. Bxb4 e3 35. Rxd4 Rxd4 36. Bxc3 Rd1+ 37. Rf1 R8d3 38. Bb4 Rd4 39. Bc3 e2 40. Re1 Rc4 41. Ba5 Rf4 42. Bc3 e5 43. g5 e4 44. Kh2 Rxe1 45. Bxe1 Rf1 46. Kg3 Rxe1 47. Kf2 Rg1 0-1

[Event "Basingstoke op"]
[Site "Basingstoke"]
[Date "2001.07.07"]
[Round "1"]
[White "Cooksey, Paul S"]
[Black "Foster, James J"]
[Result "1-0"]
[WhiteElo "2219"]
[BlackElo "2075"]
[PlyCount "101"]
[EventDate "2001.07.07"]
[EventType "swiss"]
[EventRounds "5"]
[EventCountry "ENG"]
[SourceTitle "EXT 2007"]
[Source "ChessBase"]
[SourceDate "2006.11.23"]
[SourceVersion "1"]
[SourceVersionDate "2006.11.23"]
[SourceQuality "1"]

1. d4 d5 2. c4 Bf5 3. cxd5 Bxb1 4. Rxb1 Qxd5 5. a3 Nc6 6. e3 e5 7. dxe5 Qxd1+ 8. Kxd1 Nxe5 9. Nf3 0-0-0+ 10. Bd2 Bd6 11. Nxe5 Bxe5 12. Bc4 Nf6 13. Ke2 Ne4 14. Be1 Nd6 15. Ba2 Rhe8 16. Bb4 f5 17. g3 f4 18. gxf4 Bxf4 19. Rbd1 Be5 20. Bb1 g6 21. b3 Nb5 22. Rxd8+ Rxd8 23. Bd3 Nc3+ 24. Bxc3 Bxc3 25. f4 Rd6 26. h4 Rb6 27. Bc4 Kd7 28. h5 gxh5 29. Rxh5 h6 30. e4 Bb2 31. a4 Rf6 32. Kf3 Bc1 33. Rh4 c6 34. e5 Rf8 35. Ke4 a6 36. Be2 b5 37. Rg4 Kd8 38. Rh4 Kc7 39. Bh5 c5 40. axb5 axb5 41. Be2 c4 42. bxc4 bxc4 43. Bxc4 Kd8 44. f5 Bg5 45. Rh1 Ke7 46. Ra1 Rc8 47. Bd5 Rc7 48. Ra8 h5 49. Rh8 h4 50. f6+ Kd7 51. f7 1-0